Kohima: (Record no. 139618)

MARC details
000 -LEADER
fixed length control field 00671nam a22002057a 4500
005 - DATE AND TIME OF LATEST TRANSACTION
control field 20230209152258.0
010 ## - LCCN (DPL NO)
LC control number ENG-118081 ENG-136185
020 ## - INTERNATIONAL STANDARD BOOK NUMBER
International Standard Book Number 9789386050410
Terms of availability 599.00
035 ## - SYSTEM CONTROL NUMBER
System control number EN-101613
035 ## - SYSTEM CONTROL NUMBER
System control number EN-119717
037 ## - SOURCE OF ACQUISITION
Source of stock number/acquisition DBAD/PUB
082 ## - DEWEY DECIMAL CLASSIFICATION NUMBER
Classification number 940.5425
100 ## - MAIN ENTRY--PERSONAL NAME
Personal name Swinson, Arthur
245 ## - TITLE STATEMENT
Title Kohima:
Statement of responsibility, etc by Arthur Swinson
Remainder of title the story of the greatest battle ever fought/
260 ## - PUBLICATION, DISTRIBUTION, ETC. (IMPRINT)
Place of publication, distribution, etc New Delhi
Name of publisher, distributor, etc Speaking Tiger Publishing
Date of publication, distribution, etc 2016
270 ## - ADDRESS
Address 4381/4 Ansari Road Daryaganj New Delhi-2
300 ## - PHYSICAL DESCRIPTION
Extent 350p.
Dimensions 23cm.(pbk)
Other physical details B&W photos
500 ## - GENERAL NOTE
General note Includes bibliographical references and index
942 ## - ADDED ENTRY ELEMENTS (KOHA)
Source of classification or shelving scheme Dewey Decimal Classification
Item type English Books
Classification part 940.5425
Call number suffix SWI
Holdings
Withdrawn status Lost status Not for loan Collection code Home library Current library Date acquired Source of acquisition Cost, normal purchase price Full call number Barcode Copy number Cost, replacement price Koha item type
      Non-fiction Central Jail Tihar Central Jail Tihar 09/02/2023 DBAD/PUB 599.00 940.5425 SWI EN-119717 1 599.00 English Books
    Not For Loan Non-fiction D.B.Act.Division D.B.Act.Division 08/05/2017 DBAD/PUB 599.00 940.5425 SWI EN-101613 1 599.00 English Books

© Delhi Public Library
Hit Counter
free hit counter